| 000 | 00665cam a2200193 i 4500 | ||
|---|---|---|---|
| 005 | 20251108164050.0 | ||
| 008 | 250721s2000 le a gr 000 0 ara d | ||
| 020 | _a1855165600 | ||
| 082 | 1 | 4 |
_a152.3 _bخ و ر |
| 100 | 1 |
_aالخوري، فؤاد إسحق _eمؤلف. |
|
| 245 | 1 | 0 |
_aلغة الجسد : _bأنا عنترة وهي تحبني / _cفؤاد إسحق الخوري. |
| 264 | 3 | 1 |
_aبيروت : _bدار الساقي، _c2000. |
| 300 | _a118 صفحة. | ||
| 650 | 1 | 7 | _aعلم النفس الفسيولوجي. |
| 650 | 1 | 7 | _aالتحليل النفسي. |
| 650 | 1 | 7 | _aالحركة الجسدية. |
| 942 |
_2ddc _cBK |
||
| 999 |
_c2736 _d2736 |
||